Statistics for WCA Puzzles

Click here to take the quiz!

General Stats

  • This quiz has been taken 32 times
  • The average score is 10 of 11

Answer Stats

Answer% Correct
2x2x2
100%
3x3x3
96%
4x4x4
96%
5x5x5
96%
6x6x6
96%
7x7x7
96%
Rubik's Clock
92%
Skewb
92%
Square-1
92%
Megaminx
88%
Pyraminx
88%

Score Distribution

Percentile by Number Answered

Percent of People with Each Score

Your Score History

You have not taken this quiz